Kitāb al-Jibāl wa-al-amkinah wa-al-miyāh /

Saved in:

Main Author: Zamakhsharī, Maḥmūd ibn ʻUmar, 1075-1144 (Author)

Format: Book

Language: Arabic
Latin

Published: Laydin : Birīl, 1855 [i.e. 1856]

Subjects:

Tags: Add Tag

No Tags, Be the first to tag this record!

Call Number: (RA)DS43 .Z36 1855

LEADER 01352namaa2200301 4500
001 21364
003 OSt
005 20240424124041.0
008 130303s1855 ne b 001 0 ara d
952 |0 0  |1 0  |2 lcc  |4 0  |7 1  |9 18524  |a ARCE  |b ARCE  |d 2021-09-09  |l 0  |o (RA)DS43 .Z36 1855  |p 1029264  |r 2021-09-09 00:00:00  |w 2021-09-09  |y BK 
999 |c 21633  |d 21633 
040 |c ARCE Library 
041 0 |a ara  |a lat 
043 |a aw ---  |a ff---  |a e-sp---  
050 4 |a (RA)DS43 .Z36 1855 
100 1 |6 880-01  |a Zamakhsharī, Maḥmūd ibn ʻUmar,  |d 1075-1144,  |e author 
245 1 3 |6 880-02  |a Kitāb al-Jibāl wa-al-amkinah wa-al-miyāh /   |c taṣnīf Abī al-Qāsim Maḥmūd ibn ʻUmar al-Zamakhsharī. 
246 3 |a Jibāl wa-al-amkinah wa-al-miyāh. 
264 1 |a Laydin :  |b Birīl,  |c 1855 [i.e. 1856] 
300 |a 201, 31 pages ;  |c 24 cm. 
500 |a Edited by T. G. J. Juynboll and Matthias Salverda de Grave. 
504 |a Includes bibliographical references and indexes. 
546 |a Text in Arabic ; an introduction and notes in Latin. 
651 0 |a Islamic Empire  |v Gazetteers. 
880 1 |6 100-01/(3/r  |a زمخشرري، محمود بن عمر،‪‪‪‪  |d 1075-1144. 
880 1 2 |6 245-02/(3/r  |a كتاب الجبال والأمكنة والمياه  |c تصنيف أبي قاسم محمود بن عمر الزمخشري.‪‪‪‪ 
901 |a reviewed 
942 |c BK  |2 lcc